01304cas a22003857a 450000500170000000800410001701000100005801100100006802200140007803500100009224500970010226000660019930000070026531000220027236200200029450000570031459000410037159000410041259000410045359000420049465000450053686600230058186600270060486600350063186600220066686600350068886600270072386600220075086600350077286600280080786600350083590100070087090500240087799900170090120220817043748.0010305c fr br pernn 0 0b1fre d a83707 a84679 a0151-0517 a9520400aBulletin de la Société Entomologique de Francec/par Société Entomologique de France0 aParis, France :bSociété Entomologique de France,c1872?- av. a5 núm. por vol.1 av.100 n.5, 1995 aSe dejó de recibir a partir del v.100 n.5 de 1995. aBATCH-UPDb10c20130110lUCH01h1615 aBATCH-UPDb10c20130410lUCH01h1010 aBATCH-UPDb10c20130914lUCH01h1312 aCONVERSIONb10c20130109lUCH01h134714aEntomologiaxPublicaciones periódicas. av.69 n.5-10 (1964) av.70 n.1-4,7-10 (1965) av.71 n.1-v.76 n.10 (1966-1971) av.77 n.1-6 (1972) av.78 n.1-v.87 n.10 (1973-1982) av.88 n.1-6,9-10 (1983) av.89 n.1-8 (1984) av.90 n.1-v.91 n.12 (1985-1986) av.94 n.1-10 (1989-1990) av.96 n.1-v.100 n.5 (1991-1995) aSE aMarco A. Mendoza T. c83707d83707